[Event "Taujenai-ch rapid"]
[Site "Taujenai"]
[Date "2023.10.29"]
[Round "6"]
[White "Cicinadze, Kristijonas"]
[Black "Senavaitis, Kazimieras"]
[Result "1-0"]
[WhiteElo "1746"]
[BlackElo "1551"]
[PlyCount "69"]
[EventDate "2023.10.28"]
[EventType "swiss (rapid)"]
[EventRounds "10"]
[EventCountry "LTU"]
[SourceTitle "CBM 216 Extra"]
[Source "ChessBase"]
[SourceDate "2023.11.30"]
[SourceVersion "1"]
[SourceVersionDate "2023.11.30"]
[SourceQuality "1"]

1. e4 c6 2. Nf3 d6 3. d4 Qc7 4. Bd3 e5 5. c3 Bg4 6. h3 Bh5 7. 0-0 Be7 8. Re1 Nf6 9. Bg5 Nbd7 10. Nbd2 0-0 11. Rc1 a5 12. Bh4 Rfe8 13. a3 Nxe4 14. Bxe4 Bxh4 15. g4 Bf6 16. gxh5 d5 17. Bf5 e4 18. Nh2 Bg5 19. Nhf1 Nf6 20. Ne3 Qf4 21. Ndf1 Nxh5 22. Bxh7+ Kxh7 23. Qxh5+ Kg8 24. Qg4 Qf6 25. Ng3 g6 26. Kg2 Re6 27. Rh1 Qe7 28. h4 Bf6 29. h5 g5 30. Ngf5 Qf8 31. h6 Kh7 32. Ng7 Bxg7 33. hxg7+ Kxg7 34. Nf5+ Kf6 35. Rh6+ 1-0

[Event "Taujenai-ch rapid"]
[Site "Taujenai"]
[Date "2023.10.28"]
[Round "5"]
[White "Senavaitis, Kazimieras"]
[Black "Valantiejus, Vaidotas"]
[Result "0-1"]
[WhiteElo "1551"]
[BlackElo "1922"]
[PlyCount "110"]
[EventDate "2023.10.28"]
[EventType "swiss (rapid)"]
[EventRounds "10"]
[EventCountry "LTU"]
[SourceTitle "CBM 216 Extra"]
[Source "ChessBase"]
[SourceDate "2023.11.30"]
[SourceVersion "1"]
[SourceVersionDate "2023.11.30"]
[SourceQuality "1"]

1. e4 c5 2. Nf3 e6 3. d4 cxd4 4. Nxd4 Nc6 5. Nc3 Qc7 6. Be3 a6 7. a3 Nf6 8. Be2 b5 9. 0-0 Bb7 10. f3 Be7 11. Qd2 0-0 12. Rad1 Ne5 13. Bf4 d6 14. Bxe5 dxe5 15. Nb3 Rad8 16. Qe3 Nd7 17. Kh1 Nb6 18. Rxd8 Rxd8 19. Rd1 Rxd1+ 20. Nxd1 Qxc2 21. Na5 Qc7 22. Qc3 Qxc3 23. Nxc3 Bc8 24. Nc6 Bd6 25. b4 f6 26. g4 Kf8 27. Kg2 Ke8 28. Kf2 Bc7 29. Na5 Nd7 30. Nb3 Bb6+ 31. Ke1 Bd4 32. Kd2 Ke7 33. Kd3 Bg1 34. h4 Nb6 35. Na5 Kd6 36. h5 Bd4 37. Kc2 f5 38. Kd3 Nd7 39. Nb3 Bb6 40. Kd2 Nf6 41. Kd3 Bd7 42. Bd1 h6 43. Be2 Nh7 44. Bd1 Ng5 45. Ke2 Bd4 46. Kd3 Bxc3 47. Kxc3 fxe4 48. fxe4 Nxe4+ 49. Kc2 Bc6 50. Be2 Bd5 51. Nc1 Nf6 52. Kd2 e4 53. Ke3 Ke5 54. Bd1 Bc4 55. a4 Nd5+ 0-1